Plan de publicidad para la comercialización de la carne de pelibuey del Matadero Frigorífico Ovino De la Villa en la ciudad de Managua para el período Enero-Junio 2006
Presenta un plan de publicidad o campaña publicitaria para el período de Enero a Junio del año 2006 que permita dar conocer a la población capitalina la existencia de la Carne de pelibuey que comercializa el Matadero Frigorífico Ovino De la Villa en distintos puntos de venta en la ciudad de Man...
| Main Authors: | , , |
|---|---|
| Other Authors: | |
| Format: | Tesis Section = Libro |
| Language: | Undetermined Spanish |
| Published: |
Managua
UNI
2005
|
| Subjects: |
| LEADER | 01778nam a2200277Ia 4500 | ||
|---|---|---|---|
| 008 | 240830s9999 xx 000 0 und d | ||
| 040 | |a BIBLIOTECA-RUPAP T.Mon 658.8 M684 | ||
| 041 | |a spa | ||
| 082 | |a T.Mon 658.8 M684 | ||
| 100 | 1 | |a Mitropoulos Para, Elli Mercedes | |
| 100 | 1 | |b Lacayo Artiles, Edgard Francisco | |
| 100 | 1 | |c Avendaño Montoya, Tatiana Ivonne | |
| 245 | 1 | 0 | |a Plan de publicidad para la comercialización de la carne de pelibuey del Matadero Frigorífico Ovino De la Villa en la ciudad de Managua para el período Enero-Junio 2006 |
| 260 | |a Managua |b UNI |c 2005 | ||
| 300 | |a 64 p. :il. | ||
| 500 | |a Contiene: anexos. | ||
| 502 | |a Tesis (Ingeniero de Sistemas)- UNI, 2005. | ||
| 520 | 3 | |a Presenta un plan de publicidad o campaña publicitaria para el período de Enero a Junio del año 2006 que permita dar conocer a la población capitalina la existencia de la Carne de pelibuey que comercializa el Matadero Frigorífico Ovino De la Villa en distintos puntos de venta en la ciudad de Managua y posicionar en la mente del consumidor meta el producto bajo el nombre de carne de cordero de la Villa. Describe un plan de publicidad el cual define las decisiones claves de estrategias para la creación del plan de publicidad; diseña el plan creativo para los medios de publicidad; determina el plan de medios para la publicidad; plantea un plan promocional para los puntos de ventas. | |
| 650 | 7 | |a ADMINISTRACION DE LA DISTRIBUCION - MERCADEO - CARNE DE PELIBUEY | |
| 650 | 7 | |b COMERCIALIZACION - PRODUCCION DE PELIBUEY | |
| 650 | 7 | |c ANALISIS DE MERCADO - MATADERO FRIGORIFICO | |
| 650 | 7 | |d ESTRATEGIAS DE PUBLICIDAD - CARNE DE PELIBUEY | |
| 700 | 1 | |a Tutor: |b Chavarría Silva, Tito Gregorio | |
| 942 | |c BK |2 ddc | ||
| 991 | |a TESIS | ||
| 999 | |c 18720 | ||